| 000 | 00638 a2200181 4500 | ||
|---|---|---|---|
| 003 | Nust | ||
| 005 | 20170207153535.0 | ||
| 040 | _cNust | ||
| 082 | _a005.1 | ||
| 100 | _aHasan, Syed Hasan (MSCS13) | ||
| 245 |
_aInterworking Issue in Integration of WLAN, PAN and GSM in Hmanetes _cSyed Ayad Hasan |
||
| 260 |
_bMCS,NUST _cApr, 2010 _aRawalpindi |
||
| 300 | _axi,51:p; | ||
| 505 | _aIntroduction (page-1) Literature review (page-9) Integration challenges (page-15) Proposed solution mechanisms (page-30) Results and analysis (page-370 Conclusion (page-44) | ||
| 538 | _aAlmirah No 69 Shelf No 4 | ||
| 650 | _aPG Thesis | ||
| 651 | _aMSCS-13 | ||
| 942 | _cTHS | ||
| 999 |
_c188186 _d188186 |
||